• 首页
  • 本馆介绍
  • 公告通知
  • 最新文献
  • 馆藏检索
  • 电子资源
  • 读者导购
  • 参考咨询
  • 我的图书馆
  • 登录
  • 详细信息显示
  • 放入我的书架
  • 预约/预借图书
  • 作者相关作品
  • 分类相关作品
  • 丛书相关作品
  • 出版社相关作品

书目信息

  • 表格格式
  • 工作单格式
  • 卡片格式
题名:
财务报表分析与证券投资
    
 
作者: 姜国华 著
分册:  
出版信息: 北京   北京大学出版社  2008
页数: 249页
开本: 24cm
丛书名:
单 册:
中图分类: F231.5 , F830.91
科图分类:
主题词: 会计报表--会计分析 , 证券投资--研究 , 会计报表 , 会计分析 , 证券投资
电子资源:
ISBN: 978-7-301-13798-7
000 01058nam0 2200301 45
001 1034510319
005 20100319081703.12
010    @a978-7-301-13798-7@dCNY35.00
100    @a20100311e20092008em y0chiy50 ea
101 0  @achi
102    @aCN@b110000
105    @ay z 000yy
106    @ar
200 1  @a财务报表分析与证券投资@ACai Wu Bao Biao Fen Xi Yu Zheng Quan Tou Zi@dFinancial statement analysis and security investment@f姜国华著@FJiang Guo Hua Zhu@zeng
210    @a北京@c北京大学出版社@d2008@h2009
215    @a249页@d24cm
330    @a本书本着价值投资的理念,从证券分析师的角度开展财务报表分析,并依此进行未来盈利预测和股票价值评估,在价值评估的基础上做出投资决策。
510 1  @aFinancial statement analysis and security investment@zeng
606 0  @a会计报表@x会计分析
606 0  @a证券投资@x研究
606 0  @a会计报表
606 0  @a会计分析
606 0  @a证券投资
690    @aF231.5@v4
690    @aF830.91@v4
701  0 @a姜国华@AJiang Guo Hua@4著
801  0 @aCN@bTANGWEI@c20100319
905    @b0585768-70@dF231.5@e344@f3
    
    财务报表分析与证券投资=Financial statement analysis and security investment/姜国华著.-北京:北京大学出版社,2008(2009)
    249页;24cm
    
    
    ISBN 978-7-301-13798-7:CNY35.00
    本书本着价值投资的理念,从证券分析师的角度开展财务报表分析,并依此进行未来盈利预测和股票价值评估,在价值评估的基础上做出投资决策。
●
相关链接 在E读中查询图书 在五车中查询图书 在当当中查询图书 在豆瓣中查询图书


正题名:财务报表分析与证券投资     索取号:F231.5/344         预约/预借

序号 登录号 条形码 馆藏地/架位号 状态 备注
1 0585768   205857688   第一样本阅览室/ [索取号:F231.5/344] 在馆    
2 0585769   205857697   密集书库-海洋学院/ [索取号:F231.5/344] 在馆    
3 0585770   205857704   第一借阅区/ [索取号:F231.5/344] 在馆    
唐山师范学院图书馆 欢迎您!
大连网信软件有限公司© 版权所有